Даты ИстРоса #4: 1425-1547 - Statistics

General Stats
  • This quiz has been taken 7 times
  • The average score is 32 of 45
Answer Stats
Событие Дата % Correct
Свадьба Василия Васильевичас Марией Ярославной 1433
100%
Сражение под Алексиным 1472
100%
Правление Василия Ивановича III 1505-1533
100%
Присоединение Рязанской землик Московскому государству 1521
100%
Даты правления Василия Васильевича 1425-1462
80%
Присяга Юрия ДмитриевичаВасилию Васильевичу 1428
80%
Смерть Юрия Дмитриевича 1434
80%
Ослепление Василия Юрьевича 1436
80%
Ферраро-флорентийская уния 1439
80%
Битва под Суздалем 1445
80%
Ослепление Василия Васильевича 1446
80%
Избрание Ионы митрополитом Киевским 1448
80%
Смерть Дмитрия Шемяки 1453
80%
Великое княжение Ивана Васильевича III 1462-1505
80%
Битва на Шелони 1471
80%
Присоединение Новгорода к Москве 1478
80%
Стояние на Угре 1480
80%
Присоединение Тверского княжествак Московскому государству 1485
80%
Первое взятие Казани Москвой 1487
80%
Осуждение ереси жидовствующих на соборе 1504
80%
Смерть Елены Волошанки 1505
80%
Присоединение Псковской землик Московскому государству 1510
80%
Присоединение Смоленской землик Московскому государству 1514
80%
Свадьба Василия Ивановича IIIи Елены Глинской 1526
80%
Регентство Елены Глинской 1533-1538
80%
Правление Ивана Васильевича IV 1533-1584
80%
Начало возведения Китай-города 1535
80%
Боярское правление 1538-1547
80%
Захваты Москвы Юрием Дмитриевичем 1433, 1434
60%
Яжелбицкий мир 1456
60%
Антимосковский договор Новгородас великим литовским князем Казимиром IV 1471
60%
Брак Ивана Васильевича III и Софья Палеолог 1472
60%
Присоединение к МосквеРостовского княжества 1474
60%
Пограничная война с Литвой заНовгород-Северские и Черниговские уделы 1487-1494
60%
Венчание на царство Дмитрия Ивановича 1498
60%
Битва на Ведроши 1500
60%
Война литовского князя и польскогокороля Казимира IV в союзе с крымским ханом против Москвы. Превращение Крыма из союзника Москвы в ее векового противника 1507-1508
60%
Война с Литвой за Смоленское княжество 1512-1522
60%
Рождение Ивана Васильевича IV 1530
60%
Денежная реформа 1535
60%
Заключение в тюрьму Андрея Ивановича 1537
60%
Вхождение Ярославского княжествав состав Москвы 1463-1468
40%
Война с Литвой за Новгород-Северскиеи Черниговские уделы, за восточную часть Смоленской земли 1500-1503
40%
Присоединения Чернигова к Московскомугосударству 1503
40%
Присоединение Вязьмы к Московскомугосударству 1494
20%
No matching quizzes found
Score Distribution
Percent of People with Each Score
Percentile by Number Answered
Your Score History
You have not taken this quiz